000
00739nam a22001697a 4500
020
_a
9789332536609
082
_a
339
100
_a
Arthur O,Sullivan
245
_a
Macroeconomics principles,applications,and tools
250
_a
8th ed.
260
_a
India
_b
Dorling Kinderseley
_c
2014
300
_a
380p
942
_c
BK
999
_c
2976
_d
2976